Statistics for 5 Biggest Cities : Benin

Click here to take the quiz!

General Stats

  • This quiz has been taken 25 times
  • The average score is 3 of 5

Answer Stats

RankCity% Correct
4Porto-Novo
100%
1Cotonou
90%
5Parakou
45%
2Abomey-Calavi
25%
3Djougou
20%

Score Distribution

Percentile by Number Answered

Percent of People with Each Score

Your Score History

You have not taken this quiz